German Verbs - Statistics

General Stats
  • This quiz has been taken 23 times
  • The average score is 20 of 67
Answer Stats
Hint Answer % Correct
иметь haben
91%
идти gehen
86%
есть essen
77%
быть sein
73%
плавать schwimmen
68%
видеть sehen
68%
пить trinken
68%
стоять stehen
64%
читать lesen
59%
называться heißen
55%
спать schlafen
55%
говорить sprechen
55%
давать geben
50%
помогать helfen
50%
петь singen
50%
сидеть sitzen
50%
думать denken
45%
бежать laufen
45%
оставаться bleiben
41%
ехать fahren
41%
падать fallen
36%
лететь fliegen
36%
приходить kommen
36%
брать nehmen
36%
умирать sterben
36%
стать werden
36%
знать (теорию) wissen
36%
знать (в лицо) kennen
32%
лежать liegen
32%
носить/нести tragen
32%
забывать vergessen
32%
стирать waschen
32%
приносить bringen
27%
находить finden
27%
гореть brennen
23%
встречать treffen
23%
начинать beginnen
18%
останавливатьсядержать halten
18%
звать rufen
18%
резать schneiden
18%
прыгать springen
18%
побеждать gewinnen
14%
страдать leiden
14%
лгать lügen
14%
стрелять schießen
14%
кричать schreien
14%
просить bitten
9%
разбивать brechen
9%
мчаться rennen
9%
тянуть ziehen
9%
гнуть biegen
5%
советовать empfehlen
5%
получаться gelingen
5%
хватать greifen
5%
поднимать heben
5%
грузить laden
5%
называть nennen
5%
идти (о снеге) schneien
5%
подниматься steigen
5%
толкать stoßen
5%
красить streichen
5%
ступать treten
5%
терять verlieren
5%
предлагать bieten
0%
наслаждаться genießen
0%
молчать schweigen
0%
ругаться streiten
0%
No matching quizzes found
Score Distribution
Percent of People with Each Score
Percentile by Number Answered
Your Score History
You have not taken this quiz